000 00722nam a2200229 i 4500
001 88787
003 ES-MaACL
005 20230906175932.0
007 t|
008 041213s1991 fr ||||1| fre d
020 _a2-264-01089-4
080 _a1 Nietzsche, Friedrich
080 _a929 Nietzsche, Friedrich
100 1 _aNietzsche, Friedrich,
_d1844-1900
_985718
245 1 0 _aEcce homo /
_cpar Friedrich Nietzsche ; traduit de l'allemand par Alexandre Vialatte.
260 _aParis :
_bChristian Bourgois,
_c[1991]
300 _a154 p. ;
_c18 cm.
600 1 4 _aNietzsche, Friedrich,
_d1844-1900
_985718
700 1 _aVialatte, Alexandre.
_9114270
852 _aES-MaACL
_jE-10645
_bR.134751
999 _c88787
_d88787